Normativa del Mercosur
| Autor Corporativo: | |
|---|---|
| Formato: | Revista |
| Lenguaje: | español |
| Publicado: |
Barcelona :
vLex.
|
| Materias: | |
| Acceso en línea: | Acceso restringido |
MARC
| LEADER | 00000nas a2200000 i 4500 | ||
|---|---|---|---|
| 005 | 20110517100626.0 | ||
| 008 | 071017c19uu9999us mr pss 0 a0spa d | ||
| 035 | |a 5261 | ||
| 040 | |a BUS |d vLex | ||
| 090 | |c 1990 |d 1990 | ||
| 245 | 3 | 0 | |a Normativa del Mercosur |h [Recurso electrn̤ico] |
| 256 | |a Servicio en ln̕ea. | ||
| 260 | |a Barcelona : |b vLex. | ||
| 300 | |a 1 recurso electrn̤ico | ||
| 610 | 2 | 4 | |a MERCOSUR (Organizacin̤) |x Publicaciones perid̤icas. |
| 710 | 2 | |a Mercosur. | |
| 740 | 0 | |a vLex Revistas (Servicio en ln̕ea) | |
| 856 | |u http://vlex.com/source/normativa-mercosur-5261 |z Acceso restringido | ||
| 942 | |c REV | ||